[Event "BL2-Ost 1415"]
[Site "Germany"]
[Date "2014.11.09"]
[Round "4.5"]
[White "Schaefer, Erik"]
[Black "Spiess, Gunter"]
[Result "1/2-1/2"]
[WhiteElo "2234"]
[BlackElo "2437"]
[PlyCount "110"]
[EventDate "2014.10.18"]
[EventType "team-tourn"]
[EventRounds "10"]
[EventCountry "GER"]
[SourceTitle "CBM 166 Extra"]
[Source "ChessBase"]
[SourceDate "2015.06.18"]
[SourceVersion "1"]
[SourceVersionDate "2015.06.18"]
[SourceQuality "1"]
[WhiteTeam "Leipzig SG"]
[BlackTeam "Aue Nickelhuette"]
[WhiteTeamCountry "GER"]
[BlackTeamCountry "GER"]

1. e4 e6 2. d4 d5 3. Nd2 c5 4. Ngf3 cxd4 5. exd5 Qxd5 6. Bc4 Qd6 7. 0-0 Nf6 8. Nb3 Nc6 9. Nbxd4 Nxd4 10. Nxd4 a6 11. c3 Qc7 12. Bb3 Bd6 13. h3 0-0 14. Re1 b6 15. Bg5 Bb7 16. Bxf6 gxf6 17. Qh5 Kh8 18. Qh6 Bh2+ 19. Kf1 Qf4 20. Qxf4 Bxf4 21. Bxe6 fxe6 22. Nxe6 Bd2 23. Red1 Rg8 24. g4 Rae8 25. Nd4 Bf4 26. Re1 Bd5 27. f3 Be5 28. Kf2 Bxd4+ 29. cxd4 Rxe1 30. Rxe1 Bxa2 31. Re7 Rc8 32. Ke3 Kg8 33. Rd7 Bf7 34. Kf4 Re8 35. d5 Re2 36. d6 Rd2 37. Rd8+ Kg7 38. h4 Rxb2 39. Rb8 Rd2 40. Rxb6 a5 41. Ra6 a4 42. Rxa4 Rxd6 43. Ra7 Rd4+ 44. Kf5 Rd5+ 45. Ke4 Re5+ 46. Kf4 h6 47. Rc7 Ra5 48. Rb7 Ra3 49. Rc7 Kf8 50. Rc8+ Ke7 51. Rc7+ Ke8 52. Rc5 Kf8 53. Rc8+ Kg7 54. Rc7 Kg6 55. Rd7 Kg7 1/2-1/2

[Event "Oberliga Ost-A 1314"]
[Site "Germany"]
[Date "2014.02.23"]
[Round "8.3"]
[White "Schaefer, Erik"]
[Black "Moehn, Hans"]
[Result "1-0"]
[WhiteElo "2210"]
[BlackElo "2184"]
[PlyCount "73"]
[EventDate "2013.10.13"]
[EventType "team-tourn"]
[EventRounds "11"]
[EventCountry "GER"]
[SourceTitle "EXT 2015"]
[Source "ChessBase"]
[SourceDate "2014.11.20"]
[SourceVersion "1"]
[SourceVersionDate "2014.11.20"]
[SourceQuality "1"]
[WhiteTeam "Leipzig SG"]
[BlackTeam "Dresden USV II"]
[WhiteTeamCountry "GER"]
[BlackTeamCountry "GER"]

1. e4 c5 2. Nf3 e6 3. d4 cxd4 4. Nxd4 a6 5. Bd3 Bc5 6. Nb3 Ba7 7. 0-0 Nc6 8. c4 d6 9. Nc3 Qh4 10. Qe2 Nf6 11. h3 Nh5 12. Be3 Nf4 13. Qd2 g5 14. Bxa7 Rxa7 15. Qe3 Ra8 16. Rfd1 Qh6 17. Bf1 Rg8 18. Rxd6 g4 19. Nd5 Nxh3+ 20. gxh3 gxh3+ 21. Kh1 Qg7 22. f4 exd5 23. exd5+ Ne7 24. Re1 f6 25. Nd4 Bg4 26. Be2 Bd7 27. Bf3 h2 28. c5 Qg1+ 29. Rxg1 hxg1Q+ 30. Qxg1 Rxg1+ 31. Kxg1 Ng8 32. Rb6 Ra7 33. d6 Bc8 34. Kf2 f5 35. c6 bxc6 36. Rb8 Kd7 37. Nxc6 1-0

[Event "Oberliga Ost-A 1314"]
[Site "Germany"]
[Date "2013.12.15"]
[Round "5.3"]
[White "Schoene, Maria"]
[Black "Schaefer, Erik"]
[Result "0-1"]
[WhiteElo "2240"]
[BlackElo "2210"]
[PlyCount "82"]
[EventDate "2013.10.13"]
[EventType "team-tourn"]
[EventRounds "11"]
[EventCountry "GER"]
[SourceTitle "EXT 2015"]
[Source "ChessBase"]
[SourceDate "2014.11.20"]
[SourceVersion "1"]
[SourceVersionDate "2014.11.20"]
[SourceQuality "1"]
[WhiteTeam "Magdeburg Aufbau Elbe"]
[BlackTeam "Leipzig SG"]
[WhiteTeamCountry "GER"]
[BlackTeamCountry "GER"]

1. e4 c5 2. Nf3 Nc6 3. d4 cxd4 4. Nxd4 Qc7 5. Nc3 e6 6. Be2 a6 7. Be3 Nf6 8. a3 Bd6 9. Ndb5 axb5 10. Nxb5 Qa5+ 11. Bd2 Bb4 12. axb4 Qxa1 13. Nc7+ Kd8 14. Nxa8 Qxa8 15. b5 Nd4 16. Bd3 e5 17. 0-0 d6 18. Bb4 Qb8 19. f4 Bd7 20. fxe5 dxe5 21. c3 Ne6 22. b6 Qc8 23. Rf5 Qc6 24. Rxe5 Qxb6+ 25. Kh1 Qe3 26. Bb5 Kc8 27. Bxd7+ Nxd7 28. Ra5 Nb6 29. e5 f6 30. h3 fxe5 31. Qd6 Nc7 32. Rc5 Nba8 33. Ba5 Qc1+ 34. Kh2 Qf4+ 35. Kh1 Qf1+ 36. Kh2 Qf4+ 37. Kh1 Qf7 38. Bxc7 Nxc7 39. Qxe5 Rf8 40. b4 Qf1+ 41. Kh2 Qf4+ 0-1

[Event "GER-ch Net qual2 U25"]
[Site "Playchess.com INT"]
[Date "2012.09.05"]
[Round "1"]
[White "Huebben, Dominik"]
[Black "Schaefer, Erik"]
[Result "0-1"]
[WhiteElo "1835"]
[BlackElo "2210"]
[PlyCount "88"]
[EventDate "2012.09.05"]
[EventType "swiss (blitz)"]
[EventRounds "7"]
[EventCountry "GER"]
[SourceTitle "CBM 150 Extra"]
[Source "ChessBase"]
[SourceDate "2012.10.19"]
[SourceVersion "1"]
[SourceVersionDate "2012.10.19"]
[SourceQuality "1"]

1. e4 c5 2. c3 d5 3. exd5 Qxd5 4. d4 Nf6 5. Nf3 Bg4 6. Nbd2 Nc6 7. Bc4 Qd8 8. Qb3 e6 9. Qxb7 Qc8 10. Ba6 Ne7 11. Bb5+ Kd8 12. Qxc8+ Nxc8 13. Ne5 Bh5 14. dxc5 Bxc5 15. Nb3 Bd6 16. Nc6+ Kc7 17. Ncd4 a6 18. Bd3 Nb6 19. 0-0 Bg6 20. Bxg6 hxg6 21. g3 Ng4 22. Nf3 Rh5 23. Kg2 Rah8 24. Rh1 e5 25. Nbd2 f5 26. b4 e4 27. Bb2 exf3+ 28. Nxf3 Nc4 29. Bc1 Nce5 30. h4 Nxf3 31. Kxf3 Ne5+ 32. Kg2 Nd3 33. Be3 f4 34. Bd4 Rf8 35. g4 f3+ 36. Kf1 Rd5 37. Bxg7 Rf7 38. Bd4 Nxb4 39. Bb6+ Kxb6 40. cxb4 Bf4 41. h5 gxh5 42. gxh5 Rfd7 43. Ke1 Bd2+ 44. Kf1 Bc3 0-1

[Event "GER-ch Net qual1 U25"]
[Site "Playchess.com INT"]
[Date "2012.09.01"]
[Round "5"]
[White "Meissner, Felix"]
[Black "Schaefer, Erik"]
[Result "1-0"]
[WhiteElo "2291"]
[BlackElo "2210"]
[PlyCount "89"]
[EventDate "2012.09.01"]
[EventType "swiss (blitz)"]
[EventRounds "7"]
[EventCountry "GER"]
[SourceTitle "CBM 150 Extra"]
[Source "ChessBase"]
[SourceDate "2012.10.19"]
[SourceVersion "1"]
[SourceVersionDate "2012.10.19"]
[SourceQuality "1"]

1. e4 c5 2. Nf3 e6 3. b3 d6 4. Bb2 e5 5. c3 Nc6 6. d4 cxd4 7. cxd4 exd4 8. Nxd4 Nf6 9. Bd3 Be7 10. 0-0 0-0 11. Re1 Bg4 12. f3 Bd7 13. Kh1 Ne5 14. Bf1 Rc8 15. Nc3 Ng6 16. Rc1 Nh5 17. Nd5 Bg5 18. Rxc8 Bxc8 19. g3 Nf6 20. Bc4 a6 21. Nf5 b5 22. Bf1 Nxd5 23. Qxd5 Be6 24. Qxd6 Qxd6 25. Nxd6 Rd8 26. e5 Be7 27. Ne4 Bf5 28. Bc3 Bxe4 29. Rxe4 Rd1 30. Kg2 Rc1 31. Bb2 Rb1 32. Re2 Kf8 33. Rc2 Ke8 34. a4 bxa4 35. bxa4 a5 36. Bb5+ Kd8 37. Rd2+ Kc8 38. f4 Bb4 39. Rc2+ Kd8 40. Bd4 Ke7 41. Rc7+ Ke6 42. Bc4+ Kf5 43. Bd3+ Kg4 44. Bxb1 Nxf4+ 45. gxf4 1-0

[Event "GER-ch Net qual1 U25"]
[Site "Playchess.com INT"]
[Date "2012.09.01"]
[Round "4"]
[White "Schaefer, Erik"]
[Black "Hoefelsauer, Thomas"]
[Result "1-0"]
[WhiteElo "2210"]
[BlackElo "2260"]
[PlyCount "83"]
[EventDate "2012.09.01"]
[EventType "swiss (blitz)"]
[EventRounds "7"]
[EventCountry "GER"]
[SourceTitle "CBM 150 Extra"]
[Source "ChessBase"]
[SourceDate "2012.10.19"]
[SourceVersion "1"]
[SourceVersionDate "2012.10.19"]
[SourceQuality "1"]

1. e4 c6 2. e5 d5 3. exd6 e5 4. d7+ Bxd7 5. d4 exd4 6. Qxd4 Bf5 7. Qxd8+ Kxd8 8. c3 Bc5 9. Bc4 f6 10. Nf3 b5 11. Be2 Ne7 12. 0-0 g5 13. a4 bxa4 14. Nbd2 Bc2 15. Bd1 Bxd1 16. Rxd1 Kc7 17. Ne4 Bb6 18. Nxf6 g4 19. Nd4 h5 20. Bf4+ Kb7 21. Ne6 Ng6 22. Bg5 Nf8 23. Ng7 h4 24. Rxa4 g3 25. Be3 Ng6 26. Bxb6 gxh2+ 27. Kxh2 axb6 28. Rxa8 Kxa8 29. Ne6 Ne5 30. Re1 Nc4 31. b3 Nd2 32. Nd4 c5 33. Nb5 h3 34. Re7 hxg2+ 35. Kxg2 Nc6 36. Rc7 Ne5 37. Re7 Nef3 38. Ra7+ Kb8 39. Nd7+ Kc8 40. Nd6+ Kd8 41. Nf7+ Ke7 42. Nxh8 1-0

[Event "GER-ch Net qual1 U25"]
[Site "Playchess.com INT"]
[Date "2012.09.01"]
[Round "2"]
[White "Schnoor, Ekkehard"]
[Black "Schaefer, Erik"]
[Result "0-1"]
[WhiteElo "1997"]
[BlackElo "2210"]
[PlyCount "64"]
[EventDate "2012.09.01"]
[EventType "swiss (blitz)"]
[EventRounds "7"]
[EventCountry "GER"]
[SourceTitle "CBM 150 Extra"]
[Source "ChessBase"]
[SourceDate "2012.10.19"]
[SourceVersion "1"]
[SourceVersionDate "2012.10.19"]
[SourceQuality "1"]

1. e4 c5 2. Nf3 e6 3. d3 Nc6 4. g3 g6 5. Bg2 Bg7 6. 0-0 Rb8 7. Nbd2 b5 8. Re1 e5 9. Nf1 Nge7 10. Nh4 0-0 11. c3 b4 12. c4 d6 13. Ne3 f5 14. exf5 gxf5 15. Nd5 Be6 16. f4 Bxd5 17. cxd5 Nd4 18. b3 Qd7 19. Rb1 Rbe8 20. Nf3 exf4 21. Bxf4 Ng6 22. Be3 Nb5 23. Ng5 Nc3 24. Qh5 Bf6 25. Ne6 Rf7 26. Rbc1 Nf8 27. Nf4 Rxe3 28. Rxe3 Bd4 29. Rce1 Kg7 30. Ne6+ Nxe6 31. dxe6 Qxe6 32. Qf3 Re7 0-1

[Event "Berlin Lichtenberger op 8th"]
[Site "Berlin"]
[Date "2009.08.20"]
[Round "6"]
[White "Richter, Michael"]
[Black "Schaefer, Erik"]
[Result "0-1"]
[WhiteElo "2427"]
[BlackElo "2164"]
[PlyCount "98"]
[EventDate "2009.08.15"]
[EventType "swiss"]
[EventRounds "9"]
[EventCountry "GER"]
[SourceTitle "CBM 131 Extra"]
[Source "ChessBase"]
[SourceDate "2009.09.03"]
[SourceVersion "2"]
[SourceVersionDate "2009.09.16"]
[SourceQuality "1"]

1. d4 Nf6 2. c4 g6 3. Nc3 Bg7 4. e4 d6 5. Be2 0-0 6. Nf3 e5 7. 0-0 Nc6 8. d5 Ne7 9. Ne1 Nd7 10. Nd3 f5 11. Bd2 f4 12. Bg4 h5 13. Be6+ Kh7 14. Rc1 Rf6 15. f3 g5 16. b4 Rxe6 17. dxe6 Nf6 18. Nd5 Bxe6 19. Bc3 Nfxd5 20. cxd5 Bd7 21. Qc2 Rc8 22. Qf2 a6 23. Bb2 Ng6 24. Rc3 g4 25. fxg4 hxg4 26. g3 Bh6 27. Bc1 Bb5 28. gxf4 Bxd3 29. Rxd3 exf4 30. Bb2 Qe7 31. Qg2 Rg8 32. e5 f3 33. Qc2 dxe5 34. Rc3 Rg7 35. Bc1 Qxb4 36. Bxh6 Kxh6 37. Rc4 Qb6+ 38. Kh1 Nf4 39. Qf5 Nh3 40. Qe6+ Qxe6 41. dxe6 Kg5 42. Re1 Kf5 43. Re3 e4 44. a4 Re7 45. a5 Rxe6 46. Rxc7 Ng5 47. h4 gxh3 48. Rxb7 Kf4 49. Rbb3 f2 0-1

[Event "Berlin Lichtenberger op 8th"]
[Site "Berlin"]
[Date "2009.08.19"]
[Round "5"]
[White "Schaefer, Erik"]
[Black "Sabrowski, Uwe"]
[Result "1-0"]
[WhiteElo "2164"]
[BlackElo "2127"]
[PlyCount "31"]
[EventDate "2009.08.15"]
[EventType "swiss"]
[EventRounds "9"]
[EventCountry "GER"]
[SourceTitle "CBM 131 Extra"]
[Source "ChessBase"]
[SourceDate "2009.09.03"]
[SourceVersion "2"]
[SourceVersionDate "2009.09.16"]
[SourceQuality "1"]

1. e4 c5 2. Nf3 e6 3. d4 cxd4 4. Nxd4 Bc5 5. Be3 Qb6 6. c3 Nc6 7. Nd2 Nxd4 8. Nc4 Qc6 9. Bxd4 Qxe4+ 10. Be2 Qxg2 11. Bf3 Qg5 12. h4 Qf4 13. Bxc5 Qxc4 14. Qd6 Kd8 15. Qf8+ Kc7 16. Bd6+ 1-0

[Event "Dresden ZMD op"]
[Site "Dresden"]
[Date "2009.08.02"]
[Round "9"]
[White "Schaefer, Erik"]
[Black "Breder, Dennis"]
[Result "0-1"]
[WhiteElo "2164"]
[BlackElo "2435"]
[PlyCount "127"]
[EventDate "2009.07.25"]
[EventType "swiss"]
[EventRounds "9"]
[EventCountry "GER"]
[SourceTitle "CBM 131 Extra"]
[Source "ChessBase"]
[SourceDate "2009.09.03"]
[SourceVersion "2"]
[SourceVersionDate "2009.09.16"]
[SourceQuality "1"]

1. e4 c5 2. Nf3 Nc6 3. d4 cxd4 4. Nxd4 e5 5. Nb5 d6 6. a4 Be6 7. N1c3 a6 8. Na3 Rc8 9. Bc4 Nf6 10. Bg5 Be7 11. Bxf6 Bxf6 12. Nd5 Bg5 13. 0-0 0-0 14. c3 g6 15. Nc2 Kh8 16. Nde3 Bh6 17. Qd3 Qe7 18. Rfd1 Rcd8 19. Nd5 Qh4 20. g3 Qh5 21. Qf1 Bg7 22. Rd2 Na5 23. Nce3 Nxc4 24. Qxc4 Qf3 25. Qe2 Qxe2 26. Rxe2 f5 27. exf5 gxf5 28. f4 Bd7 29. Rd2 Bc6 30. a5 Rde8 31. Kf2 exf4 32. Nxf4 Re4 33. Neg2 Be5 34. Re2 Rc8 35. Nh4 Bxf4 36. Rxe4 Bxg3+ 37. hxg3 Bxe4 38. Ke3 Rg8 39. Kf2 f4 40. gxf4 Rg4 41. Nf3 Rxf4 42. Ke3 Rg4 43. Nh2 Rh4 44. Nf3 Bxf3 45. Kxf3 Rh2 46. Rb1 Kg7 47. Ke4 Kf6 48. b4 Re2+ 49. Kd5 Ke7 50. Rh1 Re5+ 51. Kd4 h5 52. Rg1 Kf6 53. Rh1 Rg5 54. c4 Kg6 55. Re1 h4 56. Re6+ Kf5 57. Rh6 Kg4 58. Rxd6 h3 59. Rh6 Rh5 60. Rg6+ Kf3 61. Rg1 h2 62. Rf1+ Kg2 63. Rc1 Kf3 64. b5 0-1

[Event "Dresden ZMD op"]
[Site "Dresden"]
[Date "2009.07.28"]
[Round "4"]
[White "Schaefer, Erik"]
[Black "Genov, Petar"]
[Result "0-1"]
[WhiteElo "2164"]
[BlackElo "2478"]
[PlyCount "134"]
[EventDate "2009.07.25"]
[EventType "swiss"]
[EventRounds "9"]
[EventCountry "GER"]
[SourceTitle "CBM 131 Extra"]
[Source "ChessBase"]
[SourceDate "2009.09.03"]
[SourceVersion "2"]
[SourceVersionDate "2009.09.16"]
[SourceQuality "1"]

1. e4 c6 2. d4 d5 3. Nc3 dxe4 4. Nxe4 Bf5 5. Ng3 Bg6 6. h4 h6 7. Nf3 Nf6 8. h5 Bh7 9. Bd3 Bxd3 10. Qxd3 e6 11. Bf4 Bd6 12. Bxd6 Qxd6 13. 0-0-0 Nbd7 14. Kb1 0-0 15. Ne4 Nxe4 16. Qxe4 Rad8 17. Ne5 Nxe5 18. Qxe5 Qd5 19. f3 Rd7 20. Qxd5 Rxd5 21. c3 Rg5 22. Rd2 Rd8 23. Re2 Rg3 24. Kc2 Kf8 25. Rh2 Ke7 26. Re5 b6 27. b3 Rd6 28. a3 Kd7 29. Re4 Rd5 30. c4 Ra5 31. Kb2 Rag5 32. Re2 Rf5 33. Re4 Kd6 34. Kc3 Ra5 35. a4 Rag5 36. Re2 Rf5 37. Re4 Rgg5 38. Reh4 c5 39. dxc5+ bxc5 40. Kd3 Rg3 41. Ke3 Rfg5 42. Kf2 f5 43. f4 R5g4 44. Rxg4 Rxg4 45. g3 e5 46. Kf3 e4+ 47. Kf2 g5 48. hxg6 Rxg6 49. Rh1 Ke7 50. Rh5 Kf6 51. Kg2 Ke6 52. Rh1 Ke7 53. Kf2 Rd6 54. Rh5 Rf6 55. Rh1 Kf7 56. Rd1 Rb6 57. Rd5 Kg6 58. Rxc5 Rxb3 59. Rb5 Rc3 60. Rc5 Rc2+ 61. Kf1 Kh5 62. Rxf5+ Kg4 63. Re5 Kf3 64. Ke1 e3 65. Kd1 Ra2 66. f5 e2+ 67. Ke1 Ra1+ 0-1

[Event "GER-ch Net qual3 U25"]
[Site "Playchess.com INT"]
[Date "2009.05.17"]
[Round "2"]
[White "Hoffmann, Paul"]
[Black "Schaefer, Erik"]
[Result "0-1"]
[WhiteElo "2340"]
[BlackElo "2166"]
[PlyCount "88"]
[EventDate "2009.05.17"]
[EventType "swiss (blitz)"]
[EventRounds "7"]
[EventCountry "GER"]
[SourceTitle "CBM 130 Extra"]
[Source "ChessBase"]
[SourceDate "2009.07.02"]
[SourceVersion "2"]
[SourceVersionDate "2009.07.15"]
[SourceQuality "1"]

1. e4 c5 2. Nf3 e6 3. d4 cxd4 4. Nxd4 Nc6 5. Nxc6 bxc6 6. Bd3 Nf6 7. 0-0 d5 8. Nd2 Be7 9. Qe2 0-0 10. c4 Ba6 11. b3 Qb6 12. e5 Nd7 13. Nf3 Nc5 14. Be3 Qa5 15. Bxc5 Bxc5 16. Ng5 g6 17. h4 Rad8 18. h5 dxc4 19. bxc4 Bd4 20. hxg6 hxg6 21. Rae1 Qxe5 22. Qxe5 Bxe5 23. Bxg6 Bf6 24. Bxf7+ Rxf7 25. Nxf7 Kxf7 26. Re4 Rd4 27. Rxd4 Bxd4 28. Rc1 c5 29. g4 Bb7 30. Rb1 Be4 31. Rb8 a5 32. Rb5 a4 33. Ra5 Bc2 34. Kg2 Bb2 35. f4 a3 36. Kg3 Bb1 37. Ra7+ Kg6 38. Ra6 Kf6 39. f5 Bxa2 40. Rxe6+ Kf7 41. g5 Bxc4 42. g6+ Kg7 43. Re7+ Kf6 44. Ra7 a2 0-1

[Event "GER-ch Net qual3 U25"]
[Site "Playchess.com INT"]
[Date "2009.05.17"]
[Round "1"]
[White "Schaefer, Erik"]
[Black "Floeren, Philipp"]
[Result "1-0"]
[WhiteElo "2166"]
[BlackElo "1871"]
[PlyCount "93"]
[EventDate "2009.05.17"]
[EventType "swiss (blitz)"]
[EventRounds "7"]
[EventCountry "GER"]
[SourceTitle "CBM 130 Extra"]
[Source "ChessBase"]
[SourceDate "2009.07.02"]
[SourceVersion "2"]
[SourceVersionDate "2009.07.15"]
[SourceQuality "1"]

1. e4 e6 2. d4 d5 3. Nd2 Nf6 4. e5 Nfd7 5. c3 c5 6. Bd3 Nc6 7. Ne2 Qb6 8. Nf3 cxd4 9. cxd4 Be7 10. 0-0 0-0 11. Nf4 g6 12. Be3 Nb4 13. Bb1 a5 14. Nd3 Nxd3 15. Bxd3 a4 16. b3 a3 17. Rc1 Qd8 18. Qc2 b6 19. Qc7 Qxc7 20. Rxc7 Bd8 21. Rc6 Bb7 22. Rc2 Be7 23. Rc7 Bc8 24. Bb5 Rd8 25. Bg5 Bxg5 26. Nxg5 h6 27. Nf3 Ba6 28. Bxa6 Rxa6 29. Rfc1 b5 30. Kf1 Rb6 31. Rc8 Rxc8 32. Rxc8+ Kg7 33. Ke2 Nb8 34. Kd2 Na6 35. Kc3 g5 36. Ne1 Kg6 37. g4 h5 38. h3 hxg4 39. hxg4 f6 40. exf6 Kxf6 41. Nd3 b4+ 42. Kd2 Nb8 43. Ne5 Rb7 44. Rxb8 Rh7 45. Rxb4 Rh2 46. Ke3 Rh1 47. Rb7 1-0

[Event "GER-ch Net qual3 U25"]
[Site "Playchess.com INT"]
[Date "2009.05.17"]
[Round "6"]
[White "Schaefer, Erik"]
[Black "Fruebing, Stefan"]
[Result "0-1"]
[WhiteElo "2166"]
[BlackElo "2303"]
[PlyCount "48"]
[EventDate "2009.05.17"]
[EventType "swiss (blitz)"]
[EventRounds "7"]
[EventCountry "GER"]
[SourceTitle "CBM 130 Extra"]
[Source "ChessBase"]
[SourceDate "2009.07.02"]
[SourceVersion "2"]
[SourceVersionDate "2009.07.15"]
[SourceQuality "1"]

1. e4 c5 2. Nf3 Nc6 3. d4 Nxd4 4. Nxd4 cxd4 5. Qxd4 d6 6. c4 Nf6 7. Nc3 g6 8. g3 Bg7 9. Bg2 0-0 10. 0-0 Bd7 11. h3 Bc8 12. Be3 Ng4 13. Qd2 Nxe3 14. Qxe3 Be6 15. b3 Qa5 16. Rac1 Rac8 17. Nd5 Bxd5 18. exd5 Qxa2 19. Qxe7 Qxb3 20. Qxd6 Rxc4 21. Rb1 Qa2 22. Rxb7 Bd4 23. Qf4 Bc5 24. d6 Rxf4 0-1

[Event "Dresden ZMD op"]
[Site "Dresden"]
[Date "2008.07.27"]
[Round "9"]
[White "Schaefer, Erik"]
[Black "Lemieux, Yann"]
[Result "1/2-1/2"]
[WhiteElo "2135"]
[BlackElo "1947"]
[PlyCount "105"]
[EventDate "2008.07.19"]
[EventType "swiss"]
[EventRounds "9"]
[EventCountry "GER"]
[SourceTitle "CBM 125 Extra"]
[Source "ChessBase"]
[SourceDate "2008.09.01"]
[SourceVersion "1"]
[SourceVersionDate "2008.09.01"]
[SourceQuality "1"]

1. e4 Nf6 2. e5 Nd5 3. d4 d6 4. c4 Nb6 5. exd6 exd6 6. Nc3 Bf5 7. Be3 Nc6 8. Rc1 Be7 9. b3 0-0 10. Be2 Bf6 11. d5 Nb8 12. Nf3 N8d7 13. Nd4 Bxd4 14. Bxd4 h6 15. 0-0 Nf6 16. f4 Nbd7 17. g4 Bh7 18. g5 hxg5 19. fxg5 Ne4 20. Nxe4 Bxe4 21. Rc3 Ne5 22. Rg3 Qe7 23. Bg4 Rae8 24. Qe2 Nxg4 25. Qxg4 Bg6 26. Qh3 Qe4 27. Bc3 Qc2 28. Re3 Rxe3 29. Qxe3 Be4 30. Rf2 Qd1+ 31. Rf1 Qc2 32. Qd2 Qxd2 33. Bxd2 f5 34. gxf6 gxf6 35. Kf2 Kf7 36. Ke3 f5 37. Kd4 Rg8 38. Rf2 Rg2 39. Rxg2 Bxg2 40. Bf4 Ke7 41. h4 Bf3 42. Bg5+ Kd7 43. Ke3 Bg4 44. Kf4 c6 45. Bf6 cxd5 46. cxd5 Ke8 47. Kg5 Kf7 48. Bd8 Bf3 49. Kxf5 Bxd5 50. Bc7 Kg8 51. Bxd6 Kh7 52. Bc5 a6 53. Ke5 1/2-1/2

[Event "Dresden ZMD op"]
[Site "Dresden"]
[Date "2008.07.26"]
[Round "8"]
[White "Uhlmann, David"]
[Black "Schaefer, Erik"]
[Result "0-1"]
[WhiteElo "1987"]
[BlackElo "2135"]
[PlyCount "74"]
[EventDate "2008.07.19"]
[EventType "swiss"]
[EventRounds "9"]
[EventCountry "GER"]
[SourceTitle "CBM 125 Extra"]
[Source "ChessBase"]
[SourceDate "2008.09.01"]
[SourceVersion "1"]
[SourceVersionDate "2008.09.01"]
[SourceQuality "1"]

1. d4 a6 2. c4 b5 3. cxb5 axb5 4. e4 c6 5. Bd3 g6 6. Ne2 Nf6 7. h4 h5 8. Nf4 e5 9. dxe5 Ng4 10. Nd2 Bc5 11. Nh3 Nxe5 12. Nb3 Bb4+ 13. Kf1 0-0 14. Bg5 Be7 15. Be2 d6 16. Bxh5 f6 17. Bh6 gxh5 18. Bxf8 Qxf8 19. Nd4 Ng4 20. Nxc6 Nxc6 21. Qd5+ Qf7 22. Qxc6 Qc4+ 23. Qxc4+ bxc4 24. f3 Ne5 25. Nf4 Nd3 26. Nxd3 cxd3 27. Ke1 d5 28. Kd2 dxe4 29. fxe4 Ba6 30. a3 Bf8 31. b4 Rc8 32. Rhd1 Bh6+ 33. Ke1 Rc2 34. a4 Bc4 35. a5 Be3 36. a6 Rxg2 37. Rxd3 Bxd3 0-1

[Event "GER-ch Net final U18"]
[Site "Playchess.com INT"]
[Date "2008.06.15"]
[Round "1"]
[White "Schaefer, Erik"]
[Black "Farmani Anosheh, Armin"]
[Result "1-0"]
[WhiteElo "2135"]
[BlackElo "2129"]
[PlyCount "139"]
[EventDate "2008.06.15"]
[EventType "swiss (blitz)"]
[EventRounds "9"]
[EventCountry "GER"]
[SourceTitle "CBM 124 Extra"]
[Source "ChessBase"]
[SourceDate "2008.07.03"]
[SourceVersion "1"]
[SourceVersionDate "2008.07.03"]
[SourceQuality "1"]

1. e4 c5 2. Nf3 Nc6 3. d4 cxd4 4. Nxd4 Nf6 5. Nc3 e5 6. Ndb5 d6 7. Bg5 a6 8. Na3 b5 9. Nd5 Be7 10. Bxf6 Bxf6 11. c3 0-0 12. Nc2 Bg5 13. a4 bxa4 14. Rxa4 a5 15. Bc4 Rb8 16. b3 Kh8 17. Nce3 Bxe3 18. Nxe3 Be6 19. 0-0 Ne7 20. Nd5 Ng6 21. Qd2 f5 22. exf5 Bxf5 23. Ne3 Qg5 24. Rxa5 Rbd8 25. Ra2 Be4 26. Bd5 Bxd5 27. Nxd5 Qg4 28. f3 Qh4 29. Ra7 Rf5 30. Rfa1 h6 31. Ra8 Rxa8 32. Rxa8+ Kh7 33. Ra4 Qh5 34. g4 Rg5 35. Qg2 Qh4 36. Qg3 h5 37. Kf2 Qxg3+ 38. Kxg3 hxg4 39. fxg4 Nf4 40. Nxf4 exf4+ 41. Kxf4 Rd5 42. Rd4 Rc5 43. c4 Rc6 44. Kf5 Rb6 45. Rd3 g6+ 46. Kf4 Kh6 47. h4 Kg7 48. g5 Kf7 49. Ke4 Ra6 50. Kd5 Rb6 51. Re3 Kf8 52. Kd4 Kf7 53. Kc3 Rc6 54. b4 Rb6 55. c5 dxc5 56. bxc5 Rb1 57. Kd4 Rd1+ 58. Ke5 Rc1 59. Kd6 Rd1+ 60. Kc7 Rd4 61. c6 Rxh4 62. Re5 Rc4 63. Kd7 Rd4+ 64. Kc8 Rc4 65. c7 Kf8 66. Kd7 Rd4+ 67. Kc6 Rc4+ 68. Rc5 Rg4 69. c8Q+ Ke7 70. Qxg4 1-0

[Event "GER-ch Net qual2 U18"]
[Site "Playchess.com INT"]
[Date "2008.06.04"]
[Round "2"]
[White "Kahleys, Kevin"]
[Black "Schaefer, Erik"]
[Result "1-0"]
[WhiteElo "1955"]
[BlackElo "2135"]
[PlyCount "115"]
[EventDate "2008.06.04"]
[EventType "swiss (blitz)"]
[EventRounds "7"]
[EventCountry "GER"]
[SourceTitle "CBM 124 Extra"]
[Source "ChessBase"]
[SourceDate "2008.07.03"]
[SourceVersion "1"]
[SourceVersionDate "2008.07.03"]
[SourceQuality "1"]

1. d4 Nf6 2. c4 g6 3. Nf3 Bg7 4. g3 0-0 5. Bg2 d6 6. 0-0 Nc6 7. Nc3 a6 8. h3 Na5 9. b3 Rb8 10. Bb2 b5 11. cxb5 axb5 12. e4 Nd7 13. Rc1 e5 14. Re1 f5 15. exf5 gxf5 16. dxe5 dxe5 17. Nh4 Kh8 18. Qh5 Rb6 19. Nd5 Rh6 20. Qe2 c6 21. Nb4 c5 22. Nd5 Bb7 23. Red1 Qb8 24. Qxb5 Nc6 25. Ne7 Nxe7 26. Rxd7 Bxg2 27. Qxb8 Rxb8 28. Kxg2 Nc6 29. Nxf5 Rg6 30. Nxg7 Rxg7 31. Rxg7 Kxg7 32. Rxc5 Rb6 33. Bxe5+ Nxe5 34. Rxe5 Ra6 35. Re2 Ra3 36. f4 Kf6 37. Kf3 Ra8 38. g4 Rc8 39. a4 Rc3+ 40. Re3 Rc5 41. h4 Rc7 42. g5+ Kf5 43. Re5+ Kg6 44. Kg4 Rb7 45. Rb5 Rc7 46. h5+ Kg7 47. Kf5 Rf7+ 48. Kg4 Rc7 49. a5 Kf7 50. a6 Ke6 51. Rb7 Rc6 52. a7 Ra6 53. Rxh7 Kd5 54. g6 Ke4 55. Re7+ Kd5 56. g7 Kd4 57. g8Q Rxa7 58. Qc4# 1-0

[Event "GER-ch Net qual2 U18"]
[Site "Playchess.com INT"]
[Date "2008.06.04"]
[Round "7"]
[White "Schaefer, Erik"]
[Black "Dinger, Florian"]
[Result "1-0"]
[WhiteElo "2135"]
[BlackElo "2351"]
[PlyCount "73"]
[EventDate "2008.06.04"]
[EventType "swiss (blitz)"]
[EventRounds "7"]
[EventCountry "GER"]
[SourceTitle "CBM 124 Extra"]
[Source "ChessBase"]
[SourceDate "2008.07.03"]
[SourceVersion "1"]
[SourceVersionDate "2008.07.03"]
[SourceQuality "1"]

1. e4 c5 2. Nf3 d6 3. d4 cxd4 4. Nxd4 Nf6 5. Nc3 a6 6. a4 e5 7. Nf3 b6 8. Bc4 h6 9. 0-0 Be7 10. Be3 Bb7 11. Bd5 Nxd5 12. Nxd5 Nd7 13. c4 Rc8 14. Qd3 Nc5 15. Bxc5 Rxc5 16. b4 Rc8 17. a5 Bxd5 18. cxd5 b5 19. Rac1 Kd7 20. Rc6 Rxc6 21. dxc6+ Kc7 22. Qe3 Qb8 23. Rd1 Kxc6 24. Nxe5+ Kb7 25. Qb6+ Ka8 26. Qxa6+ Qa7 27. Qxa7+ Kxa7 28. Nc6+ Kb7 29. Nxe7 Kc7 30. Nd5+ Kd7 31. Rc1 Re8 32. f3 f5 33. exf5 Re5 34. Nb6+ Ke7 35. Kf2 Rxf5 36. Rc7+ Ke6 37. a6 1-0